000 00693nam a2200277Ia 4500
003 OSt
005 20221006142506.0
006 a|||||r|||| 00| 0
007 ta
008 221006b |||||||| |||| 00| 0 eng d
020 _c325.04
024 _a6,471
037 _cTextual
040 _aEASL
_cEASL
_beng
041 _2eng
_aeng
082 _aY.41.N8, M7
100 _aHENG Liang
_9647835
245 0 _aReturn to China
260 _aLondon
_bChatto & Windus
_c1987
300 _a241p.
_ccm.
490 _v CEL
650 _aCEL
700 _a Shapiro Judith
_9251918
942 _hY.41.N8, M7
_cTEXL
_2CC
999 _c1074557
_d1074557